Training course on SPSS : Cantho, February 18-21, 1997

Sparad:
Bibliografiska uppgifter
Huvudupphovsman: Caning, P.
Materialtyp: Bok
Språk:Undetermined
Publicerad: Cantho Cantho University 1997
Ämnen:
Taggar: Lägg till en tagg
Inga taggar, Lägg till första taggen!
Thư viện lưu trữ: Trung tâm Học liệu Trường Đại học Cần Thơ
LEADER 00580nam a2200205Ia 4500
001 CTU_160786
008 210402s9999 xx 000 0 und d
082 |a 519.53 
082 |b C223 
100 |a Caning, P. 
245 0 |a Training course on SPSS : 
245 0 |b Cantho, February 18-21, 1997 
245 0 |c P. Caning, E. Genio ; ICLARM 
260 |a Cantho 
260 |b Cantho University 
260 |c 1997 
650 |a SPSS (Computer file),Analysis of variance 
650 |x Computer programs 
904 |i Giang 
980 |a Trung tâm Học liệu Trường Đại học Cần Thơ